| 000 | 00818cam a2200253 i 4500 | ||
|---|---|---|---|
| 001 | 61502 | ||
| 003 | Mx-PuUPA | ||
| 005 | 20250630102319.0 | ||
| 008 | 141006s2009 mx r 000 0 spa d | ||
| 040 |
_cmx _aMx-PuUPA _bspa _dMx-PuUPA _erda |
||
| 041 | 0 | _aspa | |
| 100 | 1 |
_aSempé Minvielle, Carlos _eautor |
|
| 245 | 1 | 4 |
_aUn gobierno que el bien lo hace mal y el mal lo hace bien / _cCarlos Sempé Minvielle |
| 250 | _a | ||
| 264 | 1 |
_aCiudad de México : _bCarlos Semé Menvielle, _c2021 |
|
| 300 |
_a212 páginas : _bilustraciones ; _c23 cm |
||
| 336 |
_atexto _2rdacontent _btxt |
||
| 337 |
_asin mediación _2rdamedia _bn |
||
| 338 |
_avolumen _2rdacarrier _bnc |
||
| 651 |
_a _x |
||
| 942 |
_2ddc _cLI _hxx _ixx _n |
||
| 999 |
_c61502 _d61502 |
||